Tunnettuja Antteja - Statistics

Yleistilastot
  • Tätä visaa on pelattu 61 kertaa
  • Keskiarvotulos 12 / 20
Vastaustilastot
Vastaus % Oikein
Antti Tuisku
93%
Antti Rinne
81%
Antero Mertaranta
78%
Antti Lindtman
74%
Antti Häkkänen
69%
Antti Holma
69%
Antti Herlin
67%
Antti Rokka
66%
Antti Luusuaniemi
64%
Antti Isotalo
60%
Antti Hammarberg
55%
Antti Reini
53%
Antti Rannanjärvi
50%
Antti Hulkko
48%
Antti Litja
47%
Antti Tuuri
47%
Atte Kilpinen
40%
Atte Ohtamaa
38%
Atte Kaleva
33%
Antero Vipunen
29%
Ehtoja vastaavia visoja ei löytynyt
Tulosjakauma
Jokaisen tuloksen saaneiden osuus
Persentiili vastausten määrän mukaan
Tuloshistoriasi
Et ole pelannut tätä visaa